| 000 | 01136cam a22002891 4500 | ||
|---|---|---|---|
| 001 | 29667 | ||
| 003 | BD-RjUL | ||
| 005 | 20211209051437.0 | ||
| 008 | 140406r19491930enkaf b 001 0 eng | ||
| 035 | _a(BD-RjUL)29752 | ||
| 040 |
_aDLC _cDLC _dDLC _dBD-RjUL _beng |
||
| 041 | 1 | _aengger | |
| 082 |
_a155.413 _bBUM 1949 |
||
| 100 | 1 |
_aBühler, Karl, _d1879-1963. _990361 |
|
| 245 | 1 | 4 |
_aThe mental development of the child : _ba summary of modern psychological theory / _cby Karl Bühler ... |
| 260 |
_aLondon ; _bK. Paul, Trench, Trubner & co. ltd.; _aNew York : _bHarcourt, Brace & company, _c1930 [impression 1949] |
||
| 300 |
_axi, 170 p. : _bill. ; _c22 cm. |
||
| 490 | 0 | _aInternational library of psychology, philosophy and scientific method | |
| 500 | _aTranslated by Oscar Oeser from the fifth German edition of the Abriss, Die geistige entwicklung des kindes. | ||
| 504 | _aIncludes "References." | ||
| 650 | 0 |
_aChild psychology. _990362 |
|
| 700 | 1 |
_aOeser, O. A. _q(Oscar Adolf), _d1904- _990363 |
|
| 942 |
_2ddc _cBK |
||
| 999 |
_c29667 _d29667 |
||